000 00265nam a22001217a 4500
008 181221b xxu||||| |||| 00| 0 eng d
041 _aeng
080 _a572
100 _a24
101 _aANT
245 _aSymbols Public and Private
_cTurner,V
942 _2udc
_cBK
999 _c53650
_d53650